| Tag |
First Indicator |
Second Indicator |
Subfields |
| LEADER |
00000cam a2200000 i 4500 |
| 001 |
in00003523607 |
| 005 |
20211120172730.0 |
| 006 |
m o d f |
| 007 |
cr mn||||||||| |
| 008 |
141031s2013 ohua o f000 0 eng c |
| 035 |
|
|
|a (OCoLC)ocn894120228
|
| 040 |
|
|
|a GPO
|b eng
|e rda
|e pn
|c GPO
|d MvI
|d UtOrBLW
|
| 042 |
|
|
|a pcc
|
| 043 |
|
|
|a n-us---
|
| 049 |
|
|
|a WWW
|
| 074 |
|
|
|a 0431-Y (online)
|
| 086 |
0 |
|
|a EP 11.2:T 22/4/2013
|
| 088 |
|
|
|a EPA/600/F-08/012
|
| 245 |
0 |
0 |
|a Environmental technology verification program.
|
| 250 |
|
|
|a Revised June 2013.
|
| 264 |
|
1 |
|a [Cincinnati, Ohio] :
|b U.S. Environmental Protection Agency, Office of Research and Development, National Risk Management Research Laboratory,
|c 2013.
|
| 300 |
|
|
|a 1 online resource (4 unnumbered pages) :
|b color illustrations
|
| 336 |
|
|
|a text
|b txt
|2 rdacontent
|
| 337 |
|
|
|a computer
|b c
|2 rdamedia
|
| 338 |
|
|
|a online resource
|b cr
|2 rdacarrier
|
| 490 |
1 |
|
|a Fact sheet
|
| 500 |
|
|
|a Title from title screen (viewed on Oct. 31, 2014).
|
| 500 |
|
|
|a "October 2008."
|
| 500 |
|
|
|a "EPA/600/F-08/012."
|
| 610 |
2 |
0 |
|a Environmental Technology Verification Program (U.S.)
|x Management.
|
| 650 |
|
0 |
|a Technological innovations
|x Environmental aspects
|z United States.
|
| 650 |
|
0 |
|a Environmental laboratories
|x Quality control.
|
| 710 |
2 |
|
|a National Risk Management Research Laboratory (U.S.),
|e issuing body.
|
| 830 |
|
0 |
|a Fact sheet (United States. Environmental Protection Agency)
|
| 856 |
4 |
0 |
|u https://purl.fdlp.gov/GPO/gpo52872
|t 0
|
| 999 |
|
|
|a MARS
|
| 999 |
f |
f |
|s 72f81cf2-60d6-3dd0-ae66-c6b35a2137d8
|i 2aa8427a-07d1-3666-b85e-647491b8b139
|t 0
|
| 952 |
f |
f |
|a Texas A&M University
|b College Station
|c Electronic Resources
|d Available Online
|t 0
|e EP 11.2:T 22/4/2013
|h Superintendent of Documents classification
|
| 998 |
f |
f |
|a EP 11.2:T 22/4/2013
|t 0
|l Available Online
|